Law and the social sciences in the second half century (Record no. 39509)
[ view plain ]
| 000 -LEADER | |
|---|---|
| fixed length control field | 01250nam a2200337 a 4500 |
| 082 04 - DEWEY DECIMAL CLASSIFICATION NUMBER | |
| Classification number | 340 |
| 100 1# - MAIN ENTRY--AUTHOR NAME | |
| Personal name | Stone, Julius, |
| 245 10 - TITLE STATEMENT | |
| Title | Law and the social sciences in the second half century |
| 260 ## - PUBLICATION, DISTRIBUTION, ETC. (IMPRINT) | |
| Place of publication | Minneapolis : |
| Name of publisher | University of Minnesota Press, |
| Year of publication | [1966] |
| 300 ## - PHYSICAL DESCRIPTION | |
| Number of Pages | 121 p. |
| 650 #0 - SUBJECT ADDED ENTRY--TOPICAL TERM | |
| Topical Term | Sociological jurisprudence. |
| Topical Term | Judicial process. |
| Topical Term | Law and the social sciences. |
| 856 40 - ELECTRONIC LOCATION AND ACCESS | |
| Uniform Resource Identifier | http://site.ebrary.com/lib/rucke/Doc?id=10231110 |
No items available.
